| 000 | 00459cam a22001697a 4500 | ||
|---|---|---|---|
| 008 | 180718b1953 xxu||||| |||| 00| 0 eng d | ||
| 082 | _aB7x42 M441 | ||
| 100 | _aMaud, John | ||
| 245 |
_aLocal government in England and Wales _cby John Maud and S.E. Finer |
||
| 250 | _a2nd ed. | ||
| 260 |
_aLondon _bOUP _c1953 |
||
| 300 | _a230p. | ||
| 500 | _a7/6 | ||
| 650 | _aLocal government --Wales. | ||
| 650 | _aLocal government --England | ||
| 700 | _aFiner, S.E. | ||
| 999 |
_c373507 _d373507 |
||